000
00216 a2200097 4500
001
56730
100
_a
245
_a
If I were an animal; a magical split page books
260
_a
USA
_b
Elek
_c
090
_c
34861
_d
34861
942
_a
NUST-CAE
_c
_c
27626
999
_c
291803
_d
291803